MARC details
| 000 -LEADER |
| fixed length control field |
01220pam a2200313 a 4500 |
| 001 - CONTROL NUMBER |
| control field |
725936 |
| 003 - CONTROL NUMBER IDENTIFIER |
| control field |
GZU |
| 005 - DATE AND TIME OF LATEST TRANSACTION |
| control field |
20200914122727.0 |
| 008 - FIXED-LENGTH DATA ELEMENTS--GENERAL INFORMATION |
| fixed length control field |
980413s1998 tnu b 000 0 eng |
| 010 ## - LIBRARY OF CONGRESS CONTROL NUMBER |
| LC control number |
98021268 |
| 020 ## - INTERNATIONAL STANDARD BOOK NUMBER |
| International Standard Book Number |
080549345X |
| 040 ## - CATALOGING SOURCE |
| Original cataloging agency |
DLC |
| Transcribing agency |
DLC |
| Modifying agency |
DLC |
| 050 00 - LIBRARY OF CONGRESS CALL NUMBER |
| Classification number |
BR65.AUG |
| Item number |
1887 |
| 245 00 - TITLE STATEMENT |
| Title |
Augustine's City of God : |
| Remainder of title |
Part II - The Cities / |
| Statement of responsibility, etc. |
translated by Reverend Marcus Dods |
| 260 ## - PUBLICATION, DISTRIBUTION, ETC. |
| Place of publication, distribution, etc. |
Nashville, Tenn. : |
| Name of publisher, distributor, etc. |
Broadman & Holman Publishers, |
| Date of publication, distribution, etc. |
c1998. |
| 300 ## - PHYSICAL DESCRIPTION |
| Extent |
xxi, 1103p. : |
| Dimensions |
21 cm. |
| Other physical details |
ill. |
| 440 #0 - SERIES STATEMENT/ADDED ENTRY--TITLE |
| Title |
Shepherd's notes. |
| Name of part/section of a work |
Christian classics |
| 500 ## - GENERAL NOTE |
| General note |
Includes bibliographical references (p. 101-102). |
| 504 ## - BIBLIOGRAPHY, ETC. NOTE |
| Bibliography, etc. note |
Includes bibliographical references (p. 101-102). |
| 600 00 - SUBJECT ADDED ENTRY--PERSONAL NAME |
| Personal name |
Augustine, |
| Titles and other words associated with a name |
of Hippo, Saint, |
| Dates associated with a name |
354-430. |
| Title of a work |
De civitate Dei. |
| 650 #0 - SUBJECT ADDED ENTRY--TOPICAL TERM |
| Topical term or geographic name entry element |
Kingdom of God. |
| 650 #0 - SUBJECT ADDED ENTRY--TOPICAL TERM |
| Topical term or geographic name entry element |
Apologetics. |
| 650 #0 - SUBJECT ADDED ENTRY--TOPICAL TERM |
| Topical term or geographic name entry element |
Christianity and culture. |
| 710 2# - ADDED ENTRY--CORPORATE NAME |
| Corporate name or jurisdiction name as entry element |
Broadman & Holman Publishers. |
| 856 42 - ELECTRONIC LOCATION AND ACCESS |
| Materials specified |
Publisher description |
| Uniform Resource Identifier |
<a href="http://www.loc.gov/catdir/enhancements/fy1003/98021268-d.html">http://www.loc.gov/catdir/enhancements/fy1003/98021268-d.html</a> |
| 906 ## - LOCAL DATA ELEMENT F, LDF (RLIN) |
| a |
7 |
| b |
cbc |
| c |
orignew |
| d |
1 |
| e |
ocip |
| f |
19 |
| g |
y-gencatlg |
| 942 ## - ADDED ENTRY ELEMENTS (KOHA) |
| Source of classification or shelving scheme |
Library of Congress Classification |
| Koha item type |
Books |
| Classification part |
65 |
| Item part |
AUG |
| Call number prefix |
BR |